000 00332 a2200169 4500
001 190425
020 _a852625076-0
040 _cMagnum
100 _aLópez, Amélia
240 1 0 _aMoby dick
_lpor
245 1 0 _aMoby dick
300 _a30
362 0 _a1
440 1 _aScipione
697 _aLITERATURA INFANTO
942 _cBK
999 _c190425
_d190425